Heidegger, Descartes a metafyzika subjektivity

Formovanie Heideggerovho filozofického myslenia a spojitosť s filozofickým dedičstvom po zakladateľovi novovekej filozofie René Descartom. Interpretácia charakteru novovekej vedy s dôrazom na chápanie metafyziky a subjektivity. Heideggerova kritika a postoj k Descartovej práci "Bytie a čas".

Salvato in:
Dettagli Bibliografici
Autore principale: Ješič, Milovan
Natura: Capitolo di libro
Lingua:slovacco
Soggetti:
Tags: Aggiungi Tag
Nessun Tag, puoi essere il primo ad aggiungerne!!

MARC

LEADER 00000naa$a2200000$$$4500
001 0111661
005 20231121102138.3
041 0 |a slo 
044 |a SK 
245 1 0 |a Heidegger, Descartes a metafyzika subjektivity  |c Milovan Ješič 
520 |a Formovanie Heideggerovho filozofického myslenia a spojitosť s filozofickým dedičstvom po zakladateľovi novovekej filozofie René Descartom. Interpretácia charakteru novovekej vedy s dôrazom na chápanie metafyziky a subjektivity. Heideggerova kritika a postoj k Descartovej práci "Bytie a čas". 
610 2 0 |a filozofia 
610 2 0 |a dejiny filozofie 
610 2 0 |a vedomie 
610 2 0 |a subjekt 
610 2 0 |a vedomie spoločenské 
100 1 |a Ješič, Milovan